Datum a čas kvízu
17.5
Celkem bodů
Celkový počet nahraných bodů na tomto kvízu bez doplňovacích otázek.
6.
Pořadí na kvízu
Konečné umístění týmu na tomto kvízu.
Zaznamenané odpovědi
| # | Otázka | Odpověď | Body | Výsledky |
|---|---|---|---|---|
| 1. | Více než 450 strážníků z 38 mě... | 0 | ||
| 2. | Generace revolucionářů, která... | 0 | ||
| 3. | Ve čtvrtek začal 31. ročník fi... | 0 | ||
| 4. | Minulý týden oslavila kulaté 7... | 1 | ||
| 5. | V pátek a v sobotu se v Klatov... | 1 | ||
| 6. | Jak se jmenuje festival dokume... | 0 | ||
| 7. | Velký úspěch minulý rok zaznam... | 1 | ||
| 8. | Olga Sommerová je od roku 2014... | 0 | ||
| 9. | Režisérka Helena Třeštíková na... | 0 | ||
| 10. | Seřaďte tyto dokumenty podle j... | 0 |